000 00953nas a2200289 4500
001 BR2018000234
003 BR-BrBNA
005 20231205131222.0
007 ta
008 230509b bl.|||p| |||| 00| 00por d
040 _aBR-BrBNA
_bpor
_cBiblioteca Nacional de Agricultura
041 _a(En)
072 _aP10; P01
100 1 _aFerrari, C.T. da R.R.
100 1 _aGenena, A.K.
100 1 _aLenhard, D.C.
245 1 _aUse of natural coagulants in the treatment of food industry effluent replacing ferric chloride: a review
650 _aMORINGA
650 _aTANINO
650 _aRESÍDUO
650 _aTRATAMENTO DA ÁGUA
650 _aMEIO AMBIENTE
773 0 _tCientífica. Revista de Ciências Agrárias (Brazil)
_xISSN 1984-5529
_g(2016), v. 44(3) p. 310-317
_wBR2018000234
856 4 0 _uhttp://cientifica.org.br/index.php/cientifica/article/view/862/528
909 _a202311
_bLúcia
_c55
_dLúcia Elande
942 _2AGRIS
_n0
_cANA
999 _c253634
_d253634